Sports Quiz

Random Sports or NHL Quiz

NHL Lineups (TOI/Game) Quiz Stats

 Plays Quiz not verified by Sporcle

Score 0/180 Timer 15:00
0 Plays Today
Position/Team % Correct
F/ANACorey Perry
89.6%
C/ANARyan Getzlaf
89.6%
D/BOSZdeno Chara
87.2%
F/ATLEvander Kane
84.8%
F/CHIPatrick Kane
84.8%
F/CBJRick Nash
82.4%
C/CAREric Staal
80.8%
C/DETPavel Datsyuk
80.8%
D/NYRMarc Staal
80.8%
C/PITSidney Crosby
80.8%
C/DALBrad Richards
80%
F/DETHenrick Zetterberg
80%
C/PHIMike Richards
80%
F/WASAlexander Ovechkin
79.2%
G/NJDMartin Brodeur
77.6%
C/TBLSteven Stamkos
77.6%
G/BOSTim Thomas
76.8%
D/LAKJack Johnson
76.8%
G/MINNiklas Backstrom
76.8%
D/STLErik Johnson
76.8%
F/TBLMartin St. Louis
76.8%
C/WASNicklas Backstrom
76.8%
F/ANABobby Ryan
76%
G/ANAJonas Hiller
76%
G/BUFRyan Miller
76%
C/CHIJonathan Toews
76%
D/DETNicklas Lidstrom
76%
G/MONCarey Price
76%
F/SJSPatrick Marleau
76%
F/VANDaniel Sedin
76%
F/CGYJarome Iginla
75.2%
D/NSHShea Weber
75.2%
G/DETJimmy Howard
74.4%
F/NJDIlya Kovalchuk
74.4%
C/NYIJohn Tavares
74.4%
D/SJSDan Boyle
74.4%
D/WASMike Green
74.4%
C/COLPaul Stastny
73.6%
G/PITMarc-Andre Fleury
72.8%
F/SJSDany Heatley
72.8%
F/NJDZach Parise
72%
D/PHIChris Pronger
72%
D/CHIDuncan Keith
71.2%
F/TORPhil Kessel
71.2%
F/CHIMarian Hossa
70.4%
G/NSHPekka Rinne
70.4%
F/PHOShane Doan
70.4%
F/WASAlexander Semin
70.4%
C/BUFDerek Roy
69.6%
C/MINMikko Koivu
69.6%
F/NYRMarion Gaborik
69.6%
G/PHOIlya Bryzgalov
69.6%
F/BUFThomas Vanek
68.8%
G/CBJSteve Mason
68.8%
D/MONAndrei Markov
68.8%
F/OTTDaniel Alfredsson
68.8%
C/CGYOlli Jokinen
68%
F/CARJussi Jokinen
68%
G/CARCam Ward
67.2%
D/CHIBrent Seabrook
67.2%
Position/Team % Correct
G/COLCraig Anderson
67.2%
F/NSHJoel Ward
67.2%
C/OTTJason Spezza
67.2%
G/DALKari Lehtonen
66.4%
C/LAKAnze Kopitar
66.4%
G/VANRoberto Luongo
66.4%
G/CGYMiika Kiprusoff
65.6%
D/LAKDrew Doughty
65.6%
G/STLJaroslav Halak
64.8%
F/DETJohan Franzen
64%
F/MONBrian Gionta
64%
C/MONThomas Plekanec
64%
C/VANRyan Kesler
64%
C/BOSDavid Krejci
62.4%
G/ATLOndrej Pavelec
61.6%
G/EDMNikolai Khabibulin
61.6%
G/NYRHenrik Lundqvist
61.6%
D/PITKris Letang
61.6%
F/BOSNathan Horton
60.8%
F/BUFJason Pominville
60.8%
G/CHIMarty Turco
60.8%
F/COLMilan Hejduk
60.8%
C/EDMShawn Horcoff
60.8%
G/LAKJonathan Quick
60.8%
D/EDMRyan Whitney
60%
D/ANALubomir Visnovsky
58.4%
F/BOSMilan Lucic
58.4%
D/DETNiklas Kronwall
58.4%
F/LAKDustin Brown
58.4%
F/MONMichael Camalleri
58.4%
D/PITPaul Martin
58.4%
D/BUFTyler Myers
57.6%
D/CGYJay Bouwmeester
57.6%
F/EDMAles Hemsky
56.8%
C/NJDTravis Zajac
56.8%
D/OTTSergie Gonchar
56%
C/FLAStephen Weiss
55.2%
G/FLATomas Vokoun
55.2%
C/SJSJoe Pavelski
55.2%
F/STLDavid Backes
55.2%
F/DALLoui Eriksson
54.4%
D/PHIKimmo Timonen
54.4%
G/SJSAntti Niemi
54.4%
F/PHIDanny Briere
53.6%
F/PITChris Kunitz
52.8%
F/DALBrenden Morrow
52%
F/LAKRyan Smyth
52%
D/TORFrancois Beauchemin
52%
G/WASMichal Neuvirth
51.2%
G/NYIDwayne Roloson
50.4%
F/CGYAlex Tanguay
49.6%
F/NYIMatt Moulson
48.8%
G/TBLDan Ellis
48.8%
F/MINMartin Havlat
48%
G/PHISergei Bobrovsky
48%
F/PHIClaude Giroux
47.2%
F/FLADavid Booth
46.4%
C/NYRBrandon Dubinsky
46.4%
D/TBLVictor Hedman
46.4%
D/ATLTobias Enstrom
45.6%
Position/Team % Correct
F/EDMJordan Eberle
45.6%
D/CGYMark Giordano
44.8%
F/TBLSimon Gagne
44.8%
F/PITPascal Dupuis
44%
D/VANAlexander Edler
43.2%
F/ATLAndrew Ladd
42.4%
F/OTTAlex Kovalev
42.4%
D/TORTomas Kaberle
42.4%
D/VANChristian Ehrhoff
42.4%
D/MINBrent Burns
41.6%
G/TORJonas Gustavsson
41.6%
F/CBJRJ Umberger
40.8%
D/FLADennis Wideman
40.8%
D/PHOKieth Yandle
40.8%
D/COLJohn-Michael Liles
40%
C/TORTyler Bozak
40%
D/WASJohn Carlson
40%
F/NSHSteve Sullivan
39.2%
F/NYRRyan Callahan
39.2%
G/OTTBrian Elliott
39.2%
C/CBJAntoine Vermette
38.4%
D/MINMarek Zidlicky
38.4%
C/STLAndy McDonald
38.4%
D/CARJoni Pitkanen
37.6%
D/DALStephane Robidas
37.6%
D/NYRDan Girardi
36%
F/CARErik Cole
35.2%
D/NJDAdam Greene
35.2%
F/TORKris Versteeg
35.2%
D/FLABryan McCabe
33.6%
D/OTTChris Phillips
33.6%
D/SJSMarc-Edouard Vlasic
32.8%
F/COLDavid Jones
29.6%
C/NSHCal O'Reilly
28.8%
D/STLEric Brewer
28.8%
F/STLDavid Perron
26.4%
F/VANMason Raymond
26.4%
D/ANAToni Lydman
23.2%
D/PHODerek Morris
22.4%
F/PHOWojtek Wolski
22.4%
D/TBLPavel Kubina
22.4%
C/ATLRich Peverley
21.6%
D/NYIJames Wisniewski
21.6%
C/PHOMartin Hanzal
21.6%
D/CARJoe Corvo
20.8%
D/EDMTom Gilbert
19.2%
D/MONJosh Gorges
19.2%
D/NJDHenrik Tallinder
19.2%
D/DALTrevor Daley
17.6%
D/ATLJohnny Oduya
16%
D/BUFJordan Leopold
13.6%
D/CBJAnton Stralman
13.6%
F/FLARadek Dvorak
12.8%
F/NYIBlake Comeau
11.2%
D/CBJMarc Methot
10.4%
F/MINAntti Miettinen
10.4%
D/NYIRadek Martinek
10.4%
D/NSHFrancis Bouillon
4%
D/BOSDennis Seidenberg
0.8%
D/COLJonas Holos
0%

You're not logged in!

Compare scores with friends on all Sporcle quizzes.
OR
Log In

Show Comments

Extras

Top Quizzes Today


Score Distribution

Your Account Isn't Verified!

In order to create a playlist on Sporcle, you need to verify the email address you used during registration. Go to your Sporcle Settings to finish the process.

Report this User

Report this user for behavior that violates our Community Guidelines.

Details: